Centrales de energías renovables: Generación eléctrica con energías renovables.

Gardado en:
Detalles Bibliográficos
Autor Principal: Carta González, José Antonio (autor)
Outros autores: Calero Pérez, Roque (autor), Colmenar Santos, Antonio (autor), Castro Gil, Manuel-Alonso (autor), Collado Fernández, Eduardo (autor)
Formato: Libro
Idioma:Lingua castelá
Publicado: Madrid, España: Pearson Educación, 2013.
Edición:2a. edición.
Subjects:
Tags: Engadir etiqueta
Sen Etiquetas, Sexa o primeiro en etiquetar este rexistro!

MARC

LEADER 00000cam a2200000 a 4500
001 UCF6509
003 CL-VaPUC
005 20250321101909.0
008 130503t20130000SP |||||||||||||||||spa|d
999 |c 351678  |d 351676 
020 |a 9788483229972 
040 |c Pontificia Universidad Católica de Valparaíso 
082 0 4 |a 621.312 CAR 2013  |2 21 
100 0 |a Carta González, José Antonio  |e autor  |9 568495 
245 1 0 |a Centrales de energías renovables:  |b Generación eléctrica con energías renovables. 
250 |a 2a. edición. 
260 |a Madrid, España:  |b Pearson Educación,  |c 2013. 
300 |a 840 páginas:  |b ilustraciones. 
500 |a c.2-c.3. Instituto Arcos.08-01-2025. 
583 |a last modification  |c 20130503 10:06:00  |k Rodrigo Vera 
650 0 |a Energías renovables  |9 533796  |x Generación de energía eléctrica 
650 0 |a Centrales eléctricas   |9 263580 
700 0 |a Calero Pérez, Roque  |e autor  |9 568496 
700 0 |a Colmenar Santos, Antonio  |e autor  |9 568497 
700 0 |a Castro Gil, Manuel-Alonso  |e autor  |9 568498 
700 0 |a Collado Fernández, Eduardo  |e autor  |9 568499 
942 |c BK  |2 ddc  |n 0 
945 |d 20130503 00:00:00  |a cmena 
952 |0 0  |1 0  |4 0  |6 621_312000000000000_CAR_2013  |7 0  |8 A  |9 455948  |a BIBMEC  |b BIBMEC  |d 2019-11-22  |i 4969375  |l 1  |o 621.312 CAR 2013  |p 4969375  |r 2022-08-29  |s 2022-08-22  |w 2019-11-22  |y BK  |k MEC 
952 |0 0  |1 0  |2 ddc  |4 0  |6 621_312000000000000_CAR_2013  |7 0  |8 A  |9 599577  |a BIBINC  |b BIBINC  |c GEN  |d 2025-01-20  |e Instituto Arcos  |i 5664398  |o 621.312 CAR 2013  |p 5664398  |r 2025-01-20  |t 2  |w 2025-01-20  |y BK  |k IFP 
952 |0 0  |1 0  |2 ddc  |4 0  |6 621_312000000000000_CAR_2013  |7 0  |8 A  |9 599578  |a BIBINC  |b BIBINC  |c GEN  |d 2025-01-20  |e Instituto Arcos  |i 5664399  |o 621.312 CAR 2013  |p 5664399  |r 2025-01-20  |t 3  |w 2025-01-20  |y BK  |k IFP